|
|
|
|
| LEADER |
01006nam a2200241 a 4500 |
| 001 |
4538747 |
| 008 |
110618s1969 nyu b 001 0 eng |
| 010 |
|
|
|a 68009552
|
| 020 |
|
|
|a 0070267952
|
| 040 |
|
|
|a DLC
|c DLC
|d DLC
|d BD-DhAAL
|
| 082 |
0 |
0 |
|a 428/.007
|
| 100 |
1 |
|
|a Harris, David P.
|q (David Payne),
|d 1925-
|
| 245 |
1 |
0 |
|a Testing English as a second language /
|c David P. Harris.
|
| 260 |
|
|
|a New York :
|b McGraw-Hill,
|c c1969
|
| 300 |
|
|
|a viii, 151 p. ;
|c 23 cm.
|
| 504 |
|
|
|a Includes bibliography: (p. 147-148) and index.
|
| 541 |
|
|
|e 00009405
|
| 650 |
|
0 |
|a English language
|x Study and teaching
|x Foreign speakers.
|
| 650 |
|
0 |
|a English language
|x Ability testing.
|
| 650 |
|
0 |
|a Second language acquisition.
|
| 852 |
1 |
|
|a Ayesha Abed Library
|c General Shelf.
|
| 999 |
|
|
|c 10976
|d 10976
|
| 952 |
|
|
|0 0
|1 0
|2 ddc
|4 1
|6 428_007000000000000_HAR
|7 0
|9 17189
|a BRACUL
|b BRACUL
|c SPS
|d 2011-06-18
|l 6
|m 10
|o 428.007 HAR
|p 3010009405
|r 2018-04-30
|s 2018-01-09
|t 1
|w 2011-06-18
|y BK
|x Photocopy Book. Declared as Damaged on December 10, 2023
|